New Rules of Sociological Method (Record no. 541040)

MARC details
000 -LEADER
fixed length control field 00567nam a2200193Ia 4500
008 - FIXED-LENGTH DATA ELEMENTS--GENERAL INFORMATION
fixed length control field 240825s9999 xx 000 0 und d
020 ## - INTERNATIONAL STANDARD BOOK NUMBER
ISBN 9788131610008
Paper back/Hardbound hbk
041 ## - LANGUAGE CODE
Language code of text/sound track or separate title eng
082 ## - DEWEY DECIMAL CLASSIFICATION NUMBER
Classification number 301.072
Item number GID;1
100 ## - MAIN ENTRY--AUTHOR NAME
Personal name Giddens, Anthony
245 #0 - TITLE STATEMENT
Title New Rules of Sociological Method
Statement of responsibility, etc / Anthony Giddens
250 ## - EDITION STATEMENT
Edition statement 2nd ed.
260 ## - PUBLICATION, DISTRIBUTION, ETC. (IMPRINT)
Name of publisher Rawat Publication
Year of publication 2019
Place of publication Delhi
300 ## - PHYSICAL DESCRIPTION
Number of Pages 186 p.
Dimensions 21 cm.
504 ## - BIBLIOGRAPHY, ETC. NOTE
Bibliography, etc Includes bibliographies and index
650 ## - SUBJECT ADDED ENTRY--TOPICAL TERM
Topical Term Social Sciences; Social theory; Sociological Method;Interpretative;
942 ## - ADDED ENTRY ELEMENTS (KOHA)
Koha item type English Books
Holdings
Withdrawn status Lost status Damaged status Not for loan Home library Current library Shelving location Date acquired Cost, normal purchase price Full call number Accession Number Price effective from Koha item type
        Anna Centenary Library Anna Centenary Library 3RD FLOOR, B WING 05.04.2024 1095.00 301.072 GID 662145 05.04.2024 English Books
        Anna Centenary Library Anna Centenary Library 3RD FLOOR, B WING 05.05.2024 1095.00 301.072 GID;1 662146 25.08.2024 English Books

Find us on the map